| 000 | 00852cam a22002417a 4500 | ||
|---|---|---|---|
| 003 | OSt | ||
| 005 | 20150507160338.0 | ||
| 008 | 150507s2015 spca 000 0 spa d | ||
| 017 |
_aDL B. 29813-2012 _bBiblioteca de Catalunya |
||
| 020 | _a9788423413362 | ||
| 020 | _a8423413365 | ||
| 040 |
_bcat _cCDMR |
||
| 100 | 1 |
_aScolari, Carlos Alberto _93637 |
|
| 245 | 1 | 0 |
_aNarrativas transmedia _b: cuando todos los medios cuentan _cCarlos A. Scolari |
| 260 |
_aBarcelona _bDeusto _ccop. 2013 |
||
| 300 |
_a342 p. : _bil. ; _c19 x 24 cm |
||
| 504 | _aBibliografia p. 309-331 | ||
| 650 | 7 |
_aNarració (Retòrica) _xMitjans audiovisuals _2lemac |
|
| 650 | 0 | 0 |
_aMitjans de comunicació de massa _yS. XXI _2lemac _9405 |
| 650 | 0 | 0 |
_aMitjans de comunicació de massa _xInnovacions tecnològiques _2lemac _93080 |
| 650 | 0 | 9 |
_aNarrativa transmèdia _2thub |
| 942 | _cMON | ||
| 999 |
_c6801 _d6801 |
||